000 01208njm a22003257a 4500
005 20100914100844.0
006 a|||||r|||||00| 0
007 sd ammalaaahaa
008 100910t xxu||||| |||| 00| 0 hin d
028 _aTAE. 1019
_bOdeon
035 _aGR-02287
040 _aSED/VEN
100 _91184
_aMangeshkar, Lata
245 _aUjala part. 1 & 2 /
_cby Lata Mangeshkar & Mukesh ; music Shankar Jaikishan ; lyric Hasrat
246 _aउजाला (लता मंगेशकर)
260 _aDum Dum, India
_bOdeon
_cn. d.
300 _a1 sound disc : [Gramophone Record]
_banalog, 45 rpm
_c7 in.
_fGramophone Records
500 _aBrief record.
500 _aOdeon
500 _aBlack
500 _aExtended Play
505 _aMora nadan balma na jane, tera jalwa jisne dekha (मोरा नादाँ बलमा न जाने) (तेरा जलवा जिसने देखा)
650 _xExcerpts
_zIndia
_919370
_aClassical Music
_vFilmi song
700 _919371
_aMukesh
700 _aShankar Jaikishan
_919757
700 _919372
_aHasrat
700 _919676
942 _2ddc
_cGR
999 _c45536
_d45536